00286 a2200109 450000100060000002000180000608200150002410000180003924500740005726000300013130000150016158021 a9780849311710 a662.26 ROY aGabriel D Roy aAdvances in Chemical Propulsion; Science To TechnologycGabriel D Roy aNew YorkbCRC Pressc2002 axxiv 528 p